000 00633nam a2200229Ia 4500
003 OSt
005 20220923225740.0
006 a|||||r|||| 00| 0
007 ta
008 Pun
024 _a274,419
037 _cTextual
040 _aARTS
_cARTS
_bPun
041 _2Pun
_aPun
082 _aO153,3N09:g, L3
100 _aਸਿੰਘ, ਜਤਿੰਦਰਬੀਰ
_9156270
245 0 _aਗੱਦਪਤੀ ਕਪੂਰ ਸਿੰਘ
260 _c1973
650 _aਪੰਜਾਬੀ ਸਾਹਿਤ
942 _hO153,3N09:g, L3
_cTEXL
_2CC
999 _c380153
_d380153